Kadambaru, Samagra Avalokana (Record no. 1332)

MARC details
000 -LEADER
fixed length control field 00302nam a22001217a 4500
008 - FIXED-LENGTH DATA ELEMENTS--GENERAL INFORMATION
fixed length control field 260424b |||||||| |||| 00| 0 eng d
082 ## - DEWEY DECIMAL CLASSIFICATION NUMBER
Classification number 00187
100 ## - MAIN ENTRY--PERSONAL NAME
Personal name S, Gurumurthy
245 ## - TITLE STATEMENT
Title Kadambaru, Samagra Avalokana
260 ## - PUBLICATION, DISTRIBUTION, ETC.
Place of publication, distribution, etc. Bangalore
Name of publisher, distributor, etc. Sri Bharatvani Prakashan
Date of publication, distribution, etc. 2020
300 ## - PHYSICAL DESCRIPTION
Extent 322p
942 ## - ADDED ENTRY ELEMENTS (KOHA)
Source of classification or shelving scheme Dewey Decimal Classification
Holdings
Withdrawn status Lost status Source of classification or shelving scheme Damaged status Not for loan Home library Current library Shelving location Date acquired Source of acquisition Inventory number Total Checkouts Full call number Barcode Date last seen Price effective from Koha item type
    Dewey Decimal Classification     Karnataka Samskrit University Library Karnataka Samskrit University Library General Stacks 04/24/2026 Shree Bhavatarini Prakhashan 29   001187 001187 04/24/2026 04/24/2026 Books

Powered by Koha